| 000 | 00492nam a2200181Ia 4500 | ||
|---|---|---|---|
| 001 | 60534 | ||
| 008 | 080102n2016 ii |||gr||||Z||||||465 | ||
| 020 | _a9789386008022 | ||
| 082 | _a530 | ||
| 100 |
_aGomber, K L, _eAuthor. |
||
| 245 | 0 |
_aPradeeps fundamental physics XI, Vol-I _cby K L Gomber, K L Gogia _hTextual Documents |
|
| 250 | _a25th ed. | ||
| 260 |
_aPunjab _bPradeep Publications _c2016 |
||
| 300 |
_bIlls.; _c27cm. |
||
| 653 | _aPhysics | ||
| 653 | _aG-Physics | ||
| 942 |
_2ddc _cBK |
||
| 999 |
_c61665 _d61665 |
||